| 000 | 01145nam1a22002531 4500 | ||
|---|---|---|---|
| 001 | rc\3713908 | ||
| 005 | 20130115153039.7 | ||
| 035 | _a(NLR Aleph) 007859058 | ||
| 090 |
_a7796295 _c7796295 |
||
| 100 | _a20130115g1969 |||y0rusy50 ca | ||
| 101 | 0 | _arus | |
| 102 | _aRU | ||
| 105 | _a z ||||| | ||
| 200 | 1 |
_aОперативное планирование на машиностроительном предприятии _eУчеб. пособие _eЧ. 1- _fМ-во высш. и сред. спец. образования СССР. Моск. инж.-экон. ин-т им. С. Орджоникидзе. Кафедра организации и планирования машиностроит. предприятий |
|
| 210 |
_aМосква _cБ. и. _d1969- |
||
| 215 | _d21 | ||
| 606 |
_aМашиностроительные заводы _xПланирование _2psbo |
||
| 700 | 1 |
_aСлодкевич _bН. И. _gНаталья Ивановна |
|
| 701 | 1 |
_aКрылова _bН. В. _gНина Васильевна |
|
| 801 | 0 |
_aRU _bNLR _gpsbo |
|
| 801 | 1 |
_aRU _bELAR _2rusmarc |
|
| 852 |
_aNLR _j69-4/25558 |
||
| 942 | _cBOOK | ||
| 980 | _aNB | ||